Letra (Record no. 48469)

MARC details
000 -LEADER
campo de control de longitud fija 00909nam a2200229 i 4500
001 - NÚMERO DE CONTROL
campo de control 48469
003 - IDENTIFICADOR DE NÚMERO DE CONTROL
campo de control ES-MaACL
005 - FECHA Y HORA DE LA ÚLTIMA TRANSACCIÓN
campo de control 20230906161745.0
007 - CAMPO FIJO DE DESCRIPCIÓN FÍSICA--INFORMACIÓN GENERAL
campo de control de longitud fija t|
008 - DATOS DE LONGITUD FIJA--INFORMACIÓN GENERAL
campo de control de longitud fija 141027s2009 sp ||||1| spa d
245 03 - MENCIÓN DEL TÍTULO
Título Letra
Resto del título : Primer encuentro Internacional de Creadores del Barrio de las Letras de Madrid : 10, 11, 12 de julio de 2009 : Memoria /
Mención de responsabilidad, etc. Fundación Temas de Arte.
260 ## - PUBLICACIÓN, DISTRIBUCIÓN, ETC.
Lugar de publicación, distribución, etc. Madrid :
Nombre del editor, distribuidor, etc. [s.n.],
Fecha de publicación, distribución, etc. 2009.
300 ## - DESCRIPCIÓN FÍSICA
Extensión 135 p. :
Otras características físicas il. ;
Dimensiones 30 cm.
500 ## - NOTA GENERAL
Nota general Ciudad invitada: Buenos Aires.
505 8# - NOTA DE CONTENIDO CON FORMATO
Nota de contenido con formato Contiene: Presentación, programa, dossier de prensa, fotos etc, de los diferentes actos
505 8# - NOTA DE CONTENIDO CON FORMATO
Nota de contenido con formato El Ateneo de Madrid participó como entidad colaboradora
651 ## - PUNTO DE ACCESO ADICIONAL DE MATERIA--NOMBRE GEOGRÁFICO
Nombre geográfico Las Cortes (Madrid, Barrio)
9 (RLIN) 155920
651 #4 - PUNTO DE ACCESO ADICIONAL DE MATERIA--NOMBRE GEOGRÁFICO
Nombre geográfico Madrid-
Subdivisión general Política cultural.
9 (RLIN) 155923
710 2# - ENTRADA AGREGADA--NOMBRE DE ENTIDAD CORPORATIVA
Nombre de entidad corporativa o nombre de jurisdicción como elemento de entrada Ateneo de Madrid.
9 (RLIN) 1875
710 2# - ENTRADA AGREGADA--NOMBRE DE ENTIDAD CORPORATIVA
Nombre de entidad corporativa o nombre de jurisdicción como elemento de entrada Fundación Temas de Arte.
9 (RLIN) 155922
852 ## - LOCALIZACIÓN
Ubicación ES-MaACL
Número de control de estantería 2135-F-23
Holdings
Estatus retirado Estado de pérdida Estado de daño No para préstamo Colección Biblioteca de origen Biblioteca actual Ubicación en estantería Fecha de adquisición Fuente de adquisición Total de préstamos Signatura topográfica completa Código de barras Visto por última vez Precio de reemplazo Tipo de ítem Koha
        Colección de folletos Biblioteca del Ateneo de Madrid Biblioteca del Ateneo de Madrid Depósito folletos 17/01/2008     2135-F-23 1051007 23/02/2023 23/02/2023 Folleto